000 00583nam a2200157Ia 4500
008 151213s9999 xx 000 0 und d
100 _aআফম আব্দুর রশিদ।
245 _aকবরের দেশ হবে স্বদেশ তোমার।
_cআফম আব্দুর রশিদ।
250 _a২য়সং
260 _aখুলনা
_bগাঙচিল প্রকাশনী।
_c2006
300 _a3791 p.
650 _aBangla
650 _aকবিতা
700 _aআফম আব্দুর রশিদ।
999 _c2501
_d2501